Catálogo público

Diccionario de alimentación animal/ (Record no. 165917)

MARC details
000 -CABECERA
campo de control de longitud fija 00845nam a2200277Ia 4500
001 - NÚMERO DE CONTROL
campo de control Z_2844
003 - IDENTIFICADOR DEL NÚMERO DE CONTROL
campo de control CHAP
005 - FECHA Y HORA DE LA ÚLTIMA TRANSACCIÓN
campo de control 20230321154814.0
008 - DATOS DE LONGITUD FIJA--INFORMACIÓN GENERAL
campo de control de longitud fija 220113s1970 sp g d 000 0 spa d
010 ## - NÚMERO DE CONTROL DE LA BIBLIOTECA DEL CONGRESO
Número de control de LC 165917
040 ## - FUENTE DE LA CATALOGACIÓN
Centro catalogador/agencia de origen Z
Centro/agencia transcriptor CHAP
082 00 - NÚMERO DE LA CLASIFICACIÓN DECIMAL DEWEY
Número de clasificación C 636.085 D5y
100 1# - ENTRADA PRINCIPAL--NOMBRE DE PERSONA
Nombre de persona Piccioni, Marcello
Término indicativo de función/relación autor
9 (RLIN) 87953
245 0# - MENCIÓN DE TÍTULO
Título Diccionario de alimentación animal/
Mención de responsabilidad, etc. Marcelo Piccioni; traducción Horacio Marco Moll
260 ## - PUBLICACIÓN, DISTRIBUCIÓN, ETC.
Lugar de publicación, distribución, etc. Zaragoza :
Nombre del editor, distribuidor, etc. Acribia,
Fecha de publicación, distribución, etc. 1970
300 ## - DESCRIPCIÓN FÍSICA
Extensión 819 paginas
500 ## - NOTA GENERAL
Nota general Traducción de la 3a ed. en Italiano
650 ## - PUNTO DE ACCESO ADICIONAL DE MATERIA--TÉRMINO DE MATERIA
Término de materia o nombre geográfico como elemento de entrada Alimentos y alimentación del ganado
Subdivisión general Análisis
9 (RLIN) 139942
650 ## - PUNTO DE ACCESO ADICIONAL DE MATERIA--TÉRMINO DE MATERIA
Término de materia o nombre geográfico como elemento de entrada Alimentos y alimentación del ganado
Subdivisión general Diccionarios
9 (RLIN) 4332
700 10 - PUNTO DE ACCESO ADICIONAL--NOMBRE DE PERSONA
9 (RLIN) 159384
Nombre de persona Moll, Horacio Marco
Término indicativo de función/relación traductor
901 ## - ELEMENTOS DE DATOS A LOCAL LDA (RLIN)
a C 636.085 D5y
902 ## - ELEMENTOS DE DATOS B LOCAL, LDB (RLIN)
a A
910 ## - DATOS DE OPCIÓN DEL USUARIO (OCLC)
Datos de opción del usuario 1970
942 ## - ELEMENTOS DE PUNTO DE ACCESO ADICIONAL (KOHA)
Tipo de ítem Koha Libro
Fuente del sistema de clasificación o colocación Dewey Decimal Classification
942 ## - ELEMENTOS DE PUNTO DE ACCESO ADICIONAL (KOHA)
Fuente del sistema de clasificación o colocación Dewey Decimal Classification
Holdings
Estado de retiro Estado de pérdida Fuente del sistema de clasificación o colocación Estado dañado Restricciones de uso No para préstamo Código de colección Localización permanente Ubicación/localización actual Fecha de adquisición Signatura topográfica completa Código de barras Fecha visto por última vez Número de copia Precio válido a partir de Tipo de ítem Koha
    Dewey Decimal Classification   Préstamo interno   Consulta Zootecnia Zootecnia 09/11/2005 C 636.085 D5y z_1775 18/01/2022 Ej.1 18/01/2022 Libro
    Dewey Decimal Classification   Préstamo interno   Consulta Zootecnia Zootecnia 09/11/2005 C 636.085 D5y z_1776 18/01/2022 Ej.2 18/01/2022 Libro